Statistics for Winston Churchill's World War II Speech

Click here to take the quiz!

General Stats

  • This quiz has been taken 149 times
  • The average score is 18 of 29

Answer Stats

Answer% Correct
we shall never {surrender}.
93%
We shall fight on the {beaches}, we shall fight on the landing grounds,
91%
we shall {defend} our island, whatever the cost may be.
90%
we shall {fight} with growing confidence and growing strength in the air,
87%
And if, which I do not for a {moment} believe,
78%
The British Empire and the {French} Republic,
77%
We shall fight in France, we shall fight on the {seas} and oceans,
77%
this island or a large {part} of it were subjugated and starving,
75%
We shall go on to the {end}.
71%
until, in God's good time, the New {World}, with all its power and might,
67%
if necessary for years, if {necessary} alone.
66%
or may fall into the grip of the Gestapo and all the odious apparatus of {Nazi} rule,
65%
to ride out the storm of {war}, and to outlive the menace of tyranny,
62%
linked {together} in their cause and in their need,
58%
we shall fight in the {fields} and in the streets, we shall fight in the hills;
58%
once more able to defend our {island} home,
57%
At any rate, that is what we are {going} to try to do.
56%
I have, myself, {full} confidence that if all do their duty,
56%
would {carry} on the struggle,
56%
as they are being {made}, we shall prove ourselves
54%
Even though large tracts of {Europe} and many old and famous States have fallen,
53%
if {nothing} is neglected and if the best arrangements are made,
53%
That is the resolve of His Majesty's {Government} – every man of them.
53%
we shall not flag or {fail}.
53%
will defend to the {death} their native soil, aiding each other
47%
That is the will of {Parliament} and the nation.
35%
steps forth to the {rescue} and the liberation of the Old.
33%
like good {comrades} to the utmost of their strength.
31%
then our Empire beyond the seas, {armed} and guarded by the British Fleet,
29%

Score Distribution

Percentile by Number Answered

Percent of People with Each Score

Your Score History

You have not taken this quiz